000
00289nam a22001337a 4500
003
SGT
082
_a
LEV
100
_a
LEVINE, DAVID M.
245
_a
STATISTICS FOR MANAGERS USING MICROSOFT EXCEL
250
_a
8TH
260
_a
PEARSON INDIA
_c
2017
300
_a
808
942
_2
ddc
_c
BK
_0
1
999
_c
14281
_d
14281